| 000 | 01816nam a22001577a 4500 | ||
|---|---|---|---|
| 041 | _aukr | ||
| 080 | _a09 | ||
| 090 | _bГАВ | ||
| 100 | _aГаврилюк К. С. | ||
| 245 | _aЛінгвістичні особливості дискурсу паблік рілейшнз | ||
| 260 |
_aОстрог _bКАФ _c2007 |
||
| 300 | _a64 | ||
| 520 |
_aВступ.
Розділ 1. Поняття паблік рілейшнзу контексті лінгвістичного дискурсу.
1.1. Поняття дискурсу в лінгвістиці.
1.1.1. Дискурсивний аналіз як особлива наукова дисципліна.
1.2. Паблік рілейшнз і особливості ПР-дискурсу.
1.2.1. Паблік рілейшнз і споріднена з ними діяльність.
1.2.2. Дискурс у сфері паблік рілейшнз.
Розділ 2. Лінгвістичний аналіз мови паблік рілейшнз на основі засобів мовної комунікації.
2.1. Дискурс паблік рілейшнз з точки зору лінгвістичних особливостей.
2.1.1. Характерні ознаки мови преси.
2.1.2. Публіцистичний стиль мовлення.
2.1.3. Газетний стиль мовлення.
2.2. Аналіз лінгвістичних особливостей журнальних статей.
2.2.1. Статті на соціальну і науково-популярну тематику (ЗМІ, побут, розваги).
2.2.2. Статті фінансового спрямування.
Висновки. _0дискурс, лінгвістика, комунікація |
||
| 650 | _aResearch Papers | ||
| 999 |
_c283993 _d283993 |
||
| 942 | _cBK | ||